India : (Record no. 124745)

MARC details
000 -LEADER
fixed length control field 00768nam a22002537a 4500
003 - CONTROL NUMBER IDENTIFIER
control field 0
005 - DATE AND TIME OF LATEST TRANSACTION
control field 20180728180612.0
008 - FIXED-LENGTH DATA ELEMENTS--GENERAL INFORMATION
fixed length control field 0
010 ## - LIBRARY OF CONGRESS CONTROL NUMBER
LC control number B-058854
020 ## - INTERNATIONAL STANDARD BOOK NUMBER
Terms of availability 00.00
International Standard Book Number 8177080083
035 ## - SYSTEM CONTROL NUMBER
System control number B-058854, B-058855
037 ## - SOURCE OF ACQUISITION
Source of stock number/acquisition Cen Lib/Ret
040 ## - CATALOGING SOURCE
Original cataloging agency DPL
Language of cataloging EN
Transcribing agency 0
082 ## - DEWEY DECIMAL CLASSIFICATION NUMBER
Classification number 331.0954
Item number IND
245 ## - TITLE STATEMENT
Title India :
Statement of responsibility, etc edited by V.S. Jafa
Remainder of title labour and empolyment scenaro in the 21st century /
260 ## - PUBLICATION, DISTRIBUTION, ETC. (IMPRINT)
Place of publication, distribution, etc New Delhi
Name of publisher, distributor, etc New Century Publications
Date of publication, distribution, etc 2001
270 ## - ADDRESS
City New Delhi
Address 34, gujrawala town part-2
Postal code 110033
300 ## - PHYSICAL DESCRIPTION
Extent xi, 211p.
Dimensions 21cm(Hb)
500 ## - GENERAL NOTE
General note Includes bibliographical references
650 ## - SUBJECT ADDED ENTRY--TOPICAL TERM
Topical term or geographic name as entry element Law
Geographic subdivision India
9 (RLIN) 1919
650 ## - SUBJECT ADDED ENTRY--TOPICAL TERM
Topical term or geographic name as entry element Labour policy
9 (RLIN) 11807
700 ## - ADDED ENTRY--PERSONAL NAME
Personal name Jafa, V.S.
9 (RLIN) 11808
942 ## - ADDED ENTRY ELEMENTS (KOHA)
Source of classification or shelving scheme Dewey Decimal Classification
Koha item type English Books
Classification part 331.0954
Call number suffix IND
Holdings
Withdrawn status Lost status Damaged status Not for loan Home library Current library Date acquired Source of acquisition Cost, normal purchase price Total Checkouts Full call number Barcode Date last seen Copy number Cost, replacement price Price effective from Koha item type Source of classification or shelving scheme Collection code
        Central Library Central Library 18/06/2015 Cen Lib/Ret 0.00   331.0954 IND B-058854 18/06/2015 1 0.00 18/06/2015 English Books    
        Patel Nagar Patel Nagar 28/07/2018 BPPD/PUB 380.00   331.0954 IND B-058855 28/07/2018   380.00 28/07/2018 English Books Dewey Decimal Classification Non-fiction

© Delhi Public Library
Hit Counter
free hit counter